000 00971nam a22003017a 4500
003 CHAP
005 20220329134102.0
008 971013s1970 r 00010 d
010 _a15175
011 _a16147
035 _a20225
040 _cCHAP
090 _aTesis
100 0 0 _aHertford, Reed.
_955015
245 _aSources of change in Mexican agricultural production, 1940-65
260 _aChicago :
_bEl Autor,
_c1970
502 _aTesis (Doctor of Philosophy) -- Univ. of Chicago. Department of Economics
590 _aALEPH
_b10
_c20130110
_lUCH01
_h1237
590 _aBATCH-UPD
_b10
_c20130110
_lUCH01
_h1144
590 _aBATCH-UPD
_b10
_c20130410
_lUCH01
_h0729
590 _aBATCH-UPD
_b10
_c20130914
_lUCH01
_h0039
590 _aCONVERSION
_b10
_c20130109
_lUCH01
_h1310
650 1 4 _aAgricultura
_xAspectos economicos
_zMexico.
_91312
650 1 4 _aAgricultura
_zMéxico.
_91932
901 _aBK
942 _cTESIS
949 _bBC
_cTES
_d-47193
_eTS1
_i20225
_si
999 _c15175
_d15175